00318nam a22000977a 4500082001600000100005400016245007300070260004300143300000800186650002600194 a016.297 SID aSiddiqi, Muhammad Suleman and Muhammad Ahmadullah aIndex of Islamic Culture: Subject, Author & Book Reviews (1927-1980) aHyderabadbIslamic Culture Boardc1984 a137 aIndex-Islamic Culture